00530nam a2200133Ia 4500008004100000100002200041245005900063245014500122260004900267260000900316300001000325650001300335856004800348170221s9999 xx 000 0 und d aDaniel Acheampong aIndustry specific impact of simplifying deferred taxes cDaniel Acheampong, Florida Gulf Coast University; Adrian Valencia, Florida Gulf Coast University; Ara Volkan, Florida Gulf Coast University. bJournal of Management and Marketing Research c2012 a1 : 5 xBusiness uhttp://www.aabri.com/manuscripts/131485.pdf